[Event "GAMMA Reykjavik Open 2019"]
[Site "Reykjavik"]
[Date "2019.04.08"]
[Round "1.1"]
[White "Jones, Gawain C B"]
[Black "Deglmann, Ludwig"]
[Result "1-0"]
[WhiteElo "2698"]
[BlackElo "2275"]
[Annotator "TA"]
[PlyCount "59"]
[EventDate "2019.04.04"]
[EventType "swiss"]
[EventCountry "ISL"]
[SourceTitle "playchess.com"]
[Source "ChessBase"]
[SourceQuality "1"]

{[%evp 25,59,26,31,30,44,0,45,52,79,66,65,62,88,92,108,106,113,84,80,53,48,53,62,15,18,0,45,25,71,70,158,99,197,164,772,768]} 1. e4 e6 2. d4 d5 3. Nd2 Nf6 4. e5 Nfd7 5. Bd3 c5 6. c3 Nc6 7. Ne2 cxd4 8. cxd4 f6 9. exf6 Nxf6 10. Nf3 Bd6 11. O-O Qc7 12. Bg5 O-O 13. Rc1 Bd7 14. Re1 {C06: French Tarrasch: 3...Nf6 4 e5 Nfd7 5 Bd3 main lines} Rac8 {[#]} 15. Nc3 $146 ({Predecessor:} 15. a3 h6 16. Bh4 Be8 17. Bg3 Bh5 18. Ne5 Bxe5 19. dxe5 Ne4 20. Bxe4 dxe4 21. Qd6 Bxe2 22. Qxc7 Rxc7 23. Rxe2 {½-½ (35) Tiviakov,S (2612)-Sengupta,D (2580) Douglas 2015}) 15... Qb8 16. Bh4 {White is slightly better.} Kh8 17. Bg3 Bxg3 18. hxg3 Qd6 19. Qd2 Ng4 {Threatening ...Nxd4.} 20. Qg5 Nh6 21. Qh4 Nf5 22. Bxf5 Rxf5 23. Re3 $40 {[%mdl 128] White mounts an attack.} Rcf8 24. Rce1 R5f6 25. Ne5 Ne7 26. g4 {Hoping for g5.} Be8 27. Rh3 {[%csl Gh3][%cal Rh4h7] [#]} h5 ({Better is} 27... h6 $1 $14) 28. Re2 (28. gxh5 $142 {And now Ng6+ would win.} Nf5 29. Qg5) 28... Rf4 (28... Kg8 $16 {was called for.}) 29. Qg3 Qb4 $2 (29... Kg8 30. Nd3 (30. gxh5 Rxd4 31. h6 Nf5 $18) 30... hxg4) 30. Nd3 {[%mdl 64] Double Attack, Discovered Attack. Accuracy: White = 40%, Black = 32%.} 1-0

[Event "GAMMA Reykjavik Open 2019"]
[Site "Reykjavik"]
[Date "2019.04.08"]
[Round "1.2"]
[White "Visser, Henk-Jan"]
[Black "Grandelius, Nils"]
[Result "0-1"]
[WhiteElo "2269"]
[BlackElo "2687"]
[Annotator "TA"]
[PlyCount "102"]
[EventDate "2019.04.04"]
[EventType "swiss"]
[EventCountry "ISL"]
[SourceTitle "playchess.com"]
[Source "ChessBase"]
[SourceQuality "1"]

{[%evp 23,102,37,52,-16,-54,-99,-24,-137,-140,-139,-137,-162,0,0,0,-17,48,38,47,42,51,19,36,22,15,-27,-50,-29,-25,-66,-63,-59,-64,-70,-35,-77,-53,-59,-45,-77,-62,-73,-59,-138,-129,-250,-246,-229,-247,-250,-245,-236,-232,-312,-321,-389,-372,-392,-343,-320,-323,-314,-296,-287,-292,-493,-458,-818,-760,-720,-441,-845,-679,-1698,-1747,-8071,-6473,-29977,-29978,-29977,-29973]} 1. e4 c5 2. Nf3 e6 3. d4 cxd4 4. Nxd4 a6 5. Bd3 Bc5 6. Nb3 Ba7 7. Qg4 Nf6 8. Qg3 d6 {B42: Sicilian: Kan Variation: 5 Bd3} 9. Nc3 Nc6 10. Bg5 h6 11. Bd2 Ne5 12. Be2 b5 {LiveBook: 9 Games} 13. O-O-O (13. f4 $1 $14 Ng6 14. Bf3) 13... b4 $11 {[#]} 14. Bf4 $146 {[#]} (14. Qxg7 Rg8 $17) ({Predecessor:} 14. Na4 Ng6 15. Bf3 Rb8 16. h4 {0-1 (39) Kotronias,V (2579)-Omar,N (2362) Baku 2013}) 14... Ned7 (14... Bd7 $1 $17 15. Nb1 (15. Rxd6 Ng6 $17) (15. Bxe5 dxe5 16. Nb1 O-O $17) 15... O-O) 15. e5 (15. Na4 $11 {keeps the balance.}) 15... dxe5 $17 ({Don't play} 15... bxc3 $6 16. exf6 Qxf6 17. Bxd6 $11 (17. bxc3 d5 $11)) 16. Bxe5 ({Don't blunder} 16. Qxg7 $2 Rh7 $19) 16... bxc3 17. Bf3 Nh5 (17... cxb2+ $19 18. Bxb2 Rb8 19. Qxg7 Rg8 20. Qxh6 Bb7 21. Bxb7 Rxb7) 18. Bxh5 $11 Qg5+ 19. Bf4 cxb2+ (19... Qxh5 $11 20. Qxg7 Rf8 21. Qxc3 Qb5) 20. Kb1 $1 $14 Qxg3 21. Bxg3 Bb6 22. Bd6 Ra7 $1 23. c4 Bc7 24. Rhe1 {[#] aiming for Rxe6+.} Bxd6 25. Rxd6 Ke7 $36 {[%mdl 2048] Black has some pressure.} 26. Red1 Rc7 {White must now prevent ...Nf6.} 27. Na5 Ne5 28. Be2 g5 {[%cal Bg7g5,Bg5g4][%mdl 32]} 29. g3 g4 30. R6d4 h5 31. R1d2 Bd7 32. Rxb2 h4 33. Bxg4 (33. Kc1 $15) 33... hxg3 $17 34. fxg3 (34. hxg3 $17 Nxg4 35. Rxg4) 34... Nxg4 $19 35. Rxg4 e5 36. Rh4 Rxh4 37. gxh4 {[%mdl 4096] Endgame KRB-KRN} Rc5 38. Nb7 Rxc4 {...Bf5+ is the strong threat.} 39. Rb6 Rxh4 40. Nc5 Bb5 41. a4 Bxa4 42. Rxa6 Bb5 43. Rb6 Bc4 44. Rb2 $2 (44. Kb2 {keeps fighting.}) 44... e4 {[%cal Be5e4,Be4e3][%mdl 32]} 45. Na4 (45. Kc2 $142 Kd6 46. Na4) 45... f5 46. Kc1 Kf6 47. Kd1 (47. Rb4 $142 Be2 48. Nc3) 47... Rg4 48. Rb4 e3 {( -> ...e2+)} 49. Nc3 Ke5 50. Rb8 Rg1+ 51. Kc2 Rg2+ {Precision: White = 23%, Black = 78%.} 0-1

[Event "GAMMA Reykjavik Open 2019"]
[Site "Reykjavik"]
[Date "2019.04.08"]
[Round "1.3"]
[White "Firouzja, Alireza"]
[Black "Chittka, Julius"]
[Result "1-0"]
[WhiteElo "2669"]
[BlackElo "2268"]
[Annotator "TA"]
[PlyCount "45"]
[EventDate "2019.04.04"]
[EventType "swiss"]
[EventCountry "ISL"]
[SourceTitle "playchess.com"]
[Source "ChessBase"]
[SourceQuality "1"]

{[%evp 12,45,9,22,26,20,8,9,9,13,39,35,67,64,138,129,121,125,302,302,391,344,410,288,287,262,489,461,455,432,2254,2273,2162,2082,1456,1448]} 1. e4 c5 2. Nc3 {[%cal Bb1c3,Bc3e2,Be2g3][%mdl 32]} Nc6 3. Bb5 Nd4 4. Bc4 e6 5. Nf3 Ne7 6. Nxd4 cxd4 7. Ne2 Nc6 {B30: Sicilian: 2...Nc6 3 Bb5, lines without ...g6} 8. O-O Bc5 (8... a6 9. d3 d5 10. exd5 exd5 11. Bb3 Bd6 12. Nf4 Bxf4 13. Bxf4 O-O 14. Qf3 Be6 15. Rfe1 {1-0 (58) Cornette,M (2611)-Lenic,L (2662) chess.com INT 2018}) 9. d3 O-O {The position is equal.} 10. a3 d6 11. Ng3 $146 ({Predecessor:} 11. f4 Ne7 12. Ng3 d5 13. exd5 exd5 14. Bb3 Bd6 15. Qh5 {0-1 (40) Goerg,A (1392)-Bottoni,C (1549) LSS email 2010}) 11... Bd7 12. f4 Rc8 ({Black should play} 12... Kh8 $14) 13. f5 Ne5 {[#]} 14. f6 $1 $36 {[%mdl 2560] White is in control.} g6 $2 (14... gxf6 $16 {is a better defense.} 15. Bh6 Kh8) 15. Qd2 $1 $18 {[%cal Rd2h6]} Kh8 (15... Nxc4 $2 16. Qh6 $18) 16. Qg5 {Black must now prevent Rf4.} d5 17. Rf4 {Threatens to win with Qh6.} (17. Qxe5 dxc4 18. Bh6 Re8 $11) 17... Re8 ({Don't blunder} 17... dxc4 $2 18. Qh6 $18) (17... Nxc4 $2 18. Rh4 $18) 18. Bb3 (18. Qxe5 dxc4 19. Rh4 Qc7 $15) 18... Nc6 $2 (18... Nc4 {was worth a try.} 19. Rh4 (19. dxc4 dxc4 20. Bxc4 d3+ 21. Kh1 dxc2 $18) (19. exd5 exd5 20. Qxd5 Re1+ 21. Kf2 Qe8 $18) 19... Bf8 20. dxc4 dxc4) 19. Rh4 {Threatening mate with Qh6.White is clearly winning.} Bf8 20. e5 Ne7 {[#]} (20... Nxe5 $142 21. Qxe5 Qa5) 21. Rxh7+ $3 {[%mdl 512]} Kxh7 {[#]} 22. Qh4+ $1 Kg8 {[#]} 23. Bh6 $1 {Accuracy: White = 98%, Black = 22%.} 1-0

[Event "GAMMA Reykjavik Open 2019"]
[Site "Reykjavik"]
[Date "2019.04.08"]
[Round "1.4"]
[White "Bewersdorff, Oliver"]
[Black "L'Ami, Erwin"]
[Result "0-1"]
[WhiteElo "2261"]
[BlackElo "2647"]
[Annotator "TA"]
[PlyCount "34"]
[EventDate "2019.04.04"]
[EventType "swiss"]
[EventCountry "ISL"]
[SourceTitle "playchess.com"]
[Source "ChessBase"]
[SourceQuality "1"]

{[%evp 10,34,8,6,28,18,16,18,23,13,18,12,37,-2,0,-5,-8,-16,-16,-24,-11,-14,-10,-39,-40,-31,-4]} 1. c4 e5 2. g3 Nc6 3. Nc3 Bb4 4. Nd5 Nf6 5. Bg2 O-O 6. a3 Bd6 {A25: English Opening vs King's Indian with ...Nc6 but without early d3} 7. d3 (7. Nc3 Re8 8. e3 Bf8 9. Nge2 d6 10. O-O Bf5 11. e4 Bg4 12. f3 Be6 13. d3 Qd7 14. Be3 {1-0 (43) Gelfand,B (2703)-Duran Vega,S (2401) Batumi 2018}) 7... Nxd5 8. cxd5 Ne7 {[%cal Bc6e7,Be7f5,Bf5d6][%mdl 32] The position is equal.} 9. d4 $146 ({Predecessor:} 9. Nh3 c6 10. dxc6 dxc6 11. O-O a5 12. b3 Nd5 13. Qc2 f6 14. Bb2 Be6 15. Kh1 Qb6 16. Rab1 Nc7 17. Bc1 Nb5 18. Be3 Nxa3 19. Qb2 Qb4 20. Ra1 {0-1 (20) Aboutail,M (2120)-Abdel Razik,K (2375) Cairo 2016}) 9... exd4 10. Qxd4 c5 11. dxc6 dxc6 12. Nf3 Nf5 13. Qd3 (13. Qc4 {is more complex.} Qb6 14. O-O Be6 15. Qc2 Qc5 16. Qxc5 Bxc5 17. Bd2) 13... Be7 14. Qxd8 Rxd8 15. O-O Be6 16. e4 Nd6 17. Nd4 Bc4 {[%mdl 32768] Loss on time!?} 0-1

[Event "GAMMA Reykjavik Open 2019"]
[Site "Reykjavik"]
[Date "2019.04.08"]
[Round "1.5"]
[White "Movsesian, Sergei"]
[Black "Abbas, Daniel"]
[Result "1-0"]
[WhiteElo "2637"]
[BlackElo "2253"]
[Annotator "TA"]
[PlyCount "79"]
[EventDate "2019.04.04"]
[EventType "swiss"]
[EventCountry "ISL"]
[SourceTitle "playchess.com"]
[Source "ChessBase"]
[SourceQuality "1"]

{[%evp 14,79,8,0,56,55,70,78,48,65,75,81,102,101,159,137,154,4,8,-36,95,92,127,112,100,96,123,127,124,125,124,123,132,132,133,118,119,33,26,33,133,126,207,183,177,166,181,177,175,162,155,200,184,82,149,137,274,290,281,271,436,475,460,451,377,358,628,628]} 1. e4 c5 2. Nc3 a6 3. Nf3 e6 4. d4 cxd4 5. Nxd4 Qc7 6. g3 Bb4 7. Nde2 Nf6 8. Bg2 O-O {B43: Sicilian: Kan Variation: 5 Nc3} ({Black should play} 8... d6 $11) (8... Nc6 9. O-O Be7 10. a4 O-O 11. b3 b6 12. Bb2 Bb7 13. Nf4 Rac8 14. Nce2 Ne5 15. Nd3 Ng6 16. Nc3 Rfd8 17. Re1 d5 18. exd5 Nxd5 19. Nxd5 Bxd5 20. Bxd5 Rxd5 {0-1 (70) Mamedov,R (2703)-Smirin,I (2609) St Petersburg 2018}) 9. Bf4 $1 $14 {[%cal Rf4c7]} d6 10. a3 Bxc3+ {White is better.} 11. Nxc3 e5 12. Be3 b5 $146 ({Predecessor:} 12... Be6 13. O-O Nbd7 14. h3 Nb6 15. a4 Rac8 16. Kh2 {0-1 (36) Huerter,H (2296)-Mayer,F (2331) Germany 2009}) 13. Qd2 $1 h6 (13... Ng4 $142) 14. O-O-O $1 $16 Rd8 {[#]} 15. f4 (15. g4 $1 $16) 15... Nc6 $1 $11 16. h3 Bb7 {[#]} (16... b4 $15 {keeps the upper hand.} 17. axb4 Rb8) 17. Qf2 $1 $16 Qe7 18. Bb6 Rdc8 19. Qd2 Nd4 20. Bxd4 exd4 21. Qxd4 Rc4 22. Qxd6 Qxd6 23. Rxd6 Nxe4 24. Rd7 Bc6 25. Rc7 (25. Bxe4 $16 Bxe4 26. Nxe4 Rxe4 27. Rhd1) 25... Nxc3 $14 26. Rxc6 Rxc6 ({Better is} 26... Ne2+ $1 $14 27. Kb1 Rxc6 28. Bxc6 Ra7) 27. Bxc6 {[%mdl 4096] Endgame KRB-KRN} Rc8 (27... Ne2+ $16 {was necessary.} 28. Kd1 Rc8) 28. Bb7 ({Weaker is} 28. bxc3 Rxc6 29. Kb2 Re6 $14) 28... Rb8 29. Bxa6 ({Much less strong is} 29. bxc3 $6 Rxb7 30. Rd1 Rb6 $16) 29... Ne2+ 30. Kb1 Nxg3 31. Re1 Rb6 32. Bc8 g6 33. Bg4 (33. Re5 $18) 33... h5 (33... f5 $142) 34. Bd7 h4 (34... Rb7 $16) 35. Re5 $18 Nh5 36. Rxb5 Rxb5 $2 (36... Rd6 {might work better.}) 37. Bxb5 Kf8 38. f5 g5 39. Kc1 Nf4 $2 (39... Ke7 40. Be2 Ng3) 40. f6 {Accuracy: White = 65%, Black = 29%.} 1-0

[Event "GAMMA Reykjavik Open 2019"]
[Site "Reykjavik"]
[Date "2019.04.08"]
[Round "1.6"]
[White "Eric, Jovana"]
[Black "Lupulescu, Constantin"]
[Result "0-1"]
[WhiteElo "2247"]
[BlackElo "2634"]
[Annotator "TA"]
[PlyCount "118"]
[EventDate "2019.04.04"]
[EventType "swiss"]
[EventCountry "ISL"]
[SourceTitle "playchess.com"]
[Source "ChessBase"]
[SourceQuality "1"]

{[%evp 18,118,13,12,18,0,0,0,0,0,40,4,35,-20,6,-36,-28,-79,-82,-78,-76,-91,-52,-74,-46,-57,-47,-55,-7,0,-8,-52,-54,-70,-79,-72,-55,-95,-92,-107,-89,-106,-109,-110,-99,-154,-149,-179,-175,-204,-217,-212,-201,-206,-216,-229,-236,-362,-360,-331,-225,-229,-197,-193,-198,-195,-190,-190,-179,-257,-277,-294,-298,-283,-286,-286,-287,-271,-283,-384,-393,-386,-371,-383,-402,-404,-403,-405,-396,-400,-391,-391,-391,-367,-370,-408,-408,-408,-403,-606,-606,-529,-539]} 1. e4 c5 2. Nc3 Nc6 3. Nge2 d6 4. d4 cxd4 5. Nxd4 Nf6 6. Bg5 e6 7. Qd2 a6 8. O-O-O Be7 9. f3 Nxd4 10. Qxd4 b5 {B66: Sicilian: Richter-Rauzer: 7...a6 8 0-0-0 h6} 11. h4 Bb7 12. g4 h6 $146 {The position is equal.} ({Predecessor:} 12... Rc8 13. Be3 O-O 14. h5 e5 15. Qd2 d5 16. Nxd5 Nxd5 17. exd5 Qc7 18. Qf2 Bc5 19. Bd3 Bxd5 20. Bxc5 Qxc5 21. Qxc5 Rxc5 {0-1 (51) Rasik,V (2445)-Navara,D (2630) Germany 2009}) 13. Bxf6 gxf6 14. Be2 Qc7 15. Rhe1 (15. a4 $14) 15... Qc5 16. a3 h5 17. Qxc5 (17. Rh1 $11 {remains equal.}) 17... dxc5 $17 18. gxh5 Rxh5 19. Rg1 Rh8 20. h5 Rd8 21. Rh1 Bd6 22. Kb1 Bf4 (22... Bc6 {feels hotter.} 23. h6 Rh7 24. Rh5 Ke7 25. a4 b4) 23. Rxd8+ Kxd8 24. Nd1 Ke7 25. Nf2 c4 26. b3 Bg3 27. Ng4 {[#]} cxb3 $1 28. cxb3 f5 29. exf5 exf5 30. Ne3 Kf6 31. Rh3 ({Better is} 31. b4) 31... Bf4 32. Ng2 Bh6 {...Rd8 is the strong threat.} 33. Bd3 Rg8 34. Nh4 Rg1+ 35. Kc2 Bc8 36. Rh2 Be6 37. Kb2 (37. Re2 $142) 37... Bf4 $19 38. Re2 Rh1 39. Ng2 Be5+ 40. Kc2 Rxh5 41. a4 bxa4 42. bxa4 a5 43. f4 (43. Ne3 {keeps fighting.}) 43... Bd6 44. Kc3 Rh3 45. Kd4 Bb8 46. Rb2 Ba7+ 47. Kc3 Bc5 48. Rb5 Bb4+ 49. Kd4 Rf3 50. Re5 Bd2 51. Re2 Bxf4 52. Ne1 Rh3 53. Kc5 Be5 54. Bb5 Rc3+ 55. Kb6 Bc7+ 56. Ka7 f4 57. Rf2 Bf5 58. Nf3 (58. Rd2 $142) 58... Bd6 {[#] Strongly threatening ...Bc5+.} 59. Ka6 Bc5 {Accuracy: White = 39%, Black = 79%.} 0-1

[Event "GAMMA Reykjavik Open 2019"]
[Site "Reykjavik"]
[Date "2019.04.08"]
[Round "1.7"]
[White "Parligras, Mircea-Emilian"]
[Black "Stoyanov, Viktor"]
[Result "1-0"]
[WhiteElo "2633"]
[BlackElo "2238"]
[Annotator "TA"]
[PlyCount "117"]
[EventDate "2019.04.04"]
[EventType "swiss"]
[EventCountry "ISL"]
[SourceTitle "playchess.com"]
[Source "ChessBase"]
[SourceQuality "1"]

{[%evp 11,117,17,16,12,37,26,25,25,24,24,21,8,8,17,12,8,18,19,23,10,30,27,44,44,44,44,39,52,44,18,18,17,17,16,23,19,34,24,25,13,30,9,13,15,33,29,29,28,28,28,28,28,28,28,29,24,29,25,36,16,36,0,20,20,20,16,16,0,22,21,21,21,31,29,29,29,37,16,16,16,16,16,32,16,93,75,118,114,145,145,235,259,820,877,891,908,834,764,726,717,1431,508,3219,2926,4727,5679,1829,2262]} 1. Nf3 c5 2. c4 Nc6 3. d4 cxd4 4. Nxd4 Nf6 5. Nc3 e6 6. Bf4 d5 7. e3 {A33: Symmetrical English: 2 Nf3 Nf6 3 d4 cxd4 4 Nxd4 e6 5 Nc3 Nc6} Nxd4 (7... Bb4 8. Be2 Bd7 9. Ndb5 e5 10. Bg5 a6 11. a3 axb5 12. axb4 Rxa1 13. Qxa1 dxc4 14. O-O O-O 15. Rd1 Qe7 16. Nd5 Qe6 17. Nc7 Qe7 18. Nd5 Qe6 19. Nc7 Qe7 {½-½ (19) Nepomniachtchi,I (2729)-Vachier Lagrave,M (2789) London 2017}) 8. Qxd4 {Hoping for cxd5.} dxc4 $146 ({Predecessor:} 8... b6 9. Nb5 Bb4+ 10. Kd1 O-O 11. Nc7 Bc5 12. Qc3 dxc4+ 13. Kc1 {0-1 (29) Kuster,M (1066)-Pimenta,M (1266) Florianopolis 2019}) 9. Qxd8+ {White has an edge.} Kxd8 10. Bxc4 Bd7 11. O-O Bb4 12. Be5 Ke7 13. Rfd1 Rac8 14. Be2 Rhd8 15. a3 Ba5 16. Bd4 Bb6 17. Bxb6 axb6 18. Rd4 Bc6 19. Rb4 Rd2 20. Kf1 Nd5 21. Nxd5+ Bxd5 22. Bd1 {Ke1 is the strong threat.} Rd8 23. g3 Bc6 24. Ke1 b5 25. Rc1 f5 26. h4 Kf6 27. Be2 g6 28. Rd1 Rxd1+ 29. Bxd1 $11 {[%mdl 4096] Endgame KRB-KRB} e5 30. Be2 Rd5 31. e4 Rc5 32. exf5 gxf5 33. Kd2 Ke6 34. Ke3 Kd6 35. Bd3 Ke6 36. f4 Kf6 37. fxe5+ Rxe5+ 38. Kf4 {next Rd4 is good for White.} Rd5 39. Ke3 Re5+ 40. Kd2 Rd5 41. Rf4 Bd7 42. Ke3 Ke5 43. Be2 Bc6 44. g4 fxg4 $1 45. Rxg4 Kf6 46. Bd3 Re5+ 47. Kd4 Re7 (47... Rh5 $11) 48. Rf4+ Ke6 49. Kc5 Kd7 50. Kb6 h6 (50... Kd6 $16 {was called for.}) 51. Rd4+ $18 ({Much less strong is} 51. Bxb5 $6 Bxb5 52. Kxb5 Kc7) 51... Ke8 $2 {[#]} (51... Ke6 52. Bxb5 Ke5) 52. Bxb5 {White is clearly winning.} Bxb5 53. Kxb5 {KR-KR} Re6 54. a4 {[%cal Ba3a4,Ba4a5,Ba5a6][%mdl 32]} Ke7 55. a5 Kf6 56. b4 (56. Rd7 $142 Re5+ 57. Kb6) 56... Kf5 (56... Ke7 $142 57. Rg4 Kd7) 57. Rd7 Kg4 58. Rxb7 Kxh4 59. a6 {Accuracy: White = 63%, Black = 40%.} 1-0

[Event "GAMMA Reykjavik Open 2019"]
[Site "Reykjavik"]
[Date "2019.04.08"]
[Round "1.8"]
[White "Birkisson, Bardur Orn"]
[Black "Hovhannisyan, Robert"]
[Result "0-1"]
[WhiteElo "2234"]
[BlackElo "2630"]
[Annotator "TA"]
[PlyCount "74"]
[EventDate "2019.04.04"]
[EventType "swiss"]
[EventCountry "ISL"]
[SourceTitle "playchess.com"]
[Source "ChessBase"]
[SourceQuality "1"]

{[%evp 17,74,-33,-3,-14,-28,-23,-13,-27,-29,-36,-21,-44,-43,-52,-38,-41,-50,-52,-27,-48,-48,-48,-48,-58,-60,-67,-61,-88,-88,-79,-79,-85,-69,-135,-135,-136,-136,-136,-139,-135,-133,-133,-136,-131,-135,-130,-131,-202,-192,-321,-309,-301,-307,-304,-318,-297,-306,-509,-362]} 1. d4 Nf6 2. Nf3 d5 3. Bf4 c5 4. e3 Nc6 5. c3 Qb6 6. Qb3 c4 7. Qc2 Bf5 8. Qc1 e6 9. Nbd2 Be7 10. Be2 {D02: 1 d4 d5 2 Nf3 sidelines, including 2...Nf6 3 g3 and 2...Nf6 3 Bf4} O-O 11. O-O Qd8 (11... h6 12. Bd1 Rfc8 13. Bc2 Qd8 14. Qb1 Bxc2 15. Qxc2 b5 16. e4 a5 {1-0 (34) Bogdanovich,S (2537)-Sumets,A (2577) Odessa 2018}) 12. Bd1 {The position is equal.} b5 13. Bc2 Rc8 $146 ({Predecessor:} 13... b4 14. Qb1 Qc8 15. Ne5 Bg6 16. h3 a5 17. a3 Qb7 18. Bxg6 hxg6 {0-1 (72) Dev,S (1726)-Joglekar,A (1696) Mumbai 2016}) 14. Bxf5 exf5 15. Ne5 Bd6 16. Nxc6 Rxc6 17. Qc2 Ne4 18. f3 Nxd2 19. Qxd2 Re8 20. Qc2 g6 21. Rae1 Qe7 22. Bxd6 Rxd6 23. Re2 Re6 24. Rfe1 h5 25. a4 ({White should play} 25. b3 $15) 25... b4 $17 26. b3 Rc8 {aiming for ...cxb3.} 27. cxb4 Qxb4 28. bxc4 Rxc4 29. Qb2 Qxa4 30. Ra1 Qe8 31. Kf2 a6 32. Ra5 (32. g3 $17 {might work better.}) 32... Qd8 $19 33. Qa3 (33. Rc5 $142) 33... Qh4+ 34. Kg1 {[#]} Rxd4 $1 {[%mdl 576] ( -> ...Rd1+). Pin} 35. g3 (35. exd4 Rxe2) 35... Rd1+ 36. Kg2 Qc4 37. Qb2 $2 {[#]} (37. Rf2) 37... Rxe3 $1 {[%mdl 512] Accuracy: White = 47%, Black = 73%.} 0-1

[Event "GAMMA Reykjavik Open 2019"]
[Site "Reykjavik"]
[Date "2019.04.08"]
[Round "1.9"]
[White "Tari, Aryan"]
[Black "Piasetski, Leon"]
[Result "1-0"]
[WhiteElo "2615"]
[BlackElo "2222"]
[Annotator "TA"]
[PlyCount "56"]
[EventDate "2019.04.04"]
[EventType "swiss"]
[EventCountry "ISL"]
[SourceTitle "playchess.com"]
[Source "ChessBase"]
[SourceQuality "1"]

{[%evp 17,56,46,46,52,106,97,91,84,99,68,73,60,99,100,111,102,100,102,137,125,155,147,154,154,148,147,152,114,325,305,457,461,505,460,735,734,730,730,716,721,1887]} 1. e4 c5 2. Nf3 Nc6 3. d4 cxd4 4. Nxd4 Qb6 5. Nb3 Nf6 6. Nc3 e6 7. Qe2 Qc7 {B33: Sicilian: Pelikan and Sveshnikov Variations} 8. g4 h6 9. Bd2 a6 {LiveBook: 3 Games. White is slightly better.} 10. Bg2 $146 ({Predecessor:} 10. f4 d6 11. Bg2 b5 12. O-O-O Rb8 13. h4 h5 14. e5 dxe5 15. g5 {½-½ (50) Preotu,R (2469)-Kamsky,G (2638) Rockville 2016}) 10... Bd6 (10... d6 $14) 11. h4 Bf4 12. O-O-O Bxd2+ 13. Qxd2 Nxg4 14. f4 d6 15. h5 Bd7 16. Bf3 Nf6 17. Rhg1 Rg8 18. Qxd6 Qxd6 19. Rxd6 {And now e5 would win.} O-O-O 20. e5 Ne8 21. Rd2 $36 {[%mdl 2048] Black is under strong pressure.} Kc7 22. Ne4 f6 $2 {[#]} (22... Bc8 $16 {was worth a try.} 23. Rxd8 Nxd8) 23. Nec5 $18 fxe5 (23... Bc8 $142 24. Bxc6 bxc6 25. Rxd8 Kxd8) 24. Bxc6 {White is clearly winning.} ({Not} 24. Nxd7 Rxd7 25. Rxd7+ Kxd7 $16) 24... Kxc6 25. Rgd1 (25. Nxd7 Rxd7 26. Rxd7 (26. fxe5 Rxd2 27. Kxd2 Kd5 $15) 26... Kxd7 $16) 25... exf4 (25... Nf6 $142 26. fxe5 Nd5) 26. Nxd7 Nf6 27. Nxf6 Rxd2 28. Nxg8 ({Less strong is} 28. Rxd2 gxf6 29. c4 b6 $16) 28... Kd5 {Precision: White = 88%, Black = 40%.} 1-0

[Event "GAMMA Reykjavik Open 2019"]
[Site "Reykjavik"]
[Date "2019.04.08"]
[Round "1.10"]
[White "Jaksland, Tim"]
[Black "Lagarde, Maxime"]
[Result "0-1"]
[WhiteElo "2222"]
[BlackElo "2612"]
[Annotator "TA"]
[PlyCount "84"]
[EventDate "2019.04.04"]
[EventType "swiss"]
[EventCountry "ISL"]
[SourceTitle "playchess.com"]
[Source "ChessBase"]
[SourceQuality "1"]

{[%evp 22,84,38,18,25,25,54,36,35,35,38,19,55,58,58,47,73,73,126,47,35,8,14,-27,0,0,18,8,0,0,10,0,0,0,0,0,0,0,0,0,0,0,10,-74,0,0,0,-158,-153,-685,-274,-235,-183,-250,-206,-1786,-1758,-29993,-29994,-29994,-29995,-29995,-29996,-29996,466]} 1. Nf3 Nc6 2. d4 d6 3. g3 Nf6 4. Bg2 g6 5. O-O Bg7 6. c4 O-O 7. Nc3 Rb8 8. e3 a6 9. Qe2 {E63: King's Indian: Fianchetto: Panno Variation with 7...a6} b5 10. Rd1 b4 (10... e6 11. b3 bxc4 12. Qxc4 Nb4 13. a3 Nbd5 14. Ne2 Bd7 15. Qc2 Bb5 16. Re1 c5 {½-½ (48) Tomashevsky,E (2702)-Nakamura,H (2780) Palma de Mallorca 2017 CBM 182 [Yermolinsky,A]}) 11. Nd5 Nd7 12. a3 {LiveBook: 4 Games} a5 13. axb4 axb4 14. b3 $146 ({Predecessor:} 14. e4 e6 15. Nf4 Re8 16. Be3 Bb7 {½-½ (45) Voinov,A (2428)-Kryakvin,D (2554) Krasnoyarsk 2007}) 14... e6 15. Nf4 e5 16. dxe5 dxe5 17. Nd5 Re8 18. Bb2 Bb7 19. h4 h6 ({Better is} 19... Nc5) 20. Bh3 (20. h5 $16) 20... Nc5 $1 $14 21. Qc2 Bc8 $1 {[%cal Rc8h3]} 22. Nf4 Qe7 (22... Qf6 $5 {[%cal Rc8h3]} 23. Bxc8 Rbxc8 $11) 23. Nd5 Qf8 24. Bxc8 Rbxc8 25. Kg2 f5 26. Ne1 e4 27. Ra2 g5 28. hxg5 hxg5 29. Bxg7 $1 Qxg7 30. Qb2 {Nf6+ is the strong threat.} Ne5 31. Ra5 Ncd7 32. Nxb4 (32. f4 $1 $11 exf3+ 33. Nxf3) 32... c5 (32... Re6 $1 $17) 33. Nd5 $11 Rc6 {aiming for ...Rh6.} 34. Ra7 $2 (34. Qa1 $1 $11) 34... Rh6 $1 $17 {[%cal Rh6h2][%mdl 1024] Threatens to win with ...Rh2+! Black has strong compensation.} 35. Nc7 $2 {[#]} (35. Kf1 $17) 35... Rd8 (35... Rh2+ $142 $1 {[%mdl 512]} 36. Kf1 (36. Kxh2 Ng4+) 36... Rf8) 36. Qd2 $19 Qh8 $40 {[%mdl 128] Black goes for the king.} 37. Qd5+ {[#]} Kg7 $1 38. Ne6+ $2 (38. Kf1 Rh2 39. Ne8+ (39. Ne6+ $2 Kf6 $19) 39... Qxe8 40. Qxc5) 38... Kf6 {( -> ...Rh1!)} 39. Nxd8 Rh2+ {Black mates.} 40. Kf1 {[#]} Rxf2+ $1 {[%mdl 512]} 41. Kxf2 Ng4+ 42. Kf1 Qh1+ {[%mdl 32768] Precision: White = 34%, Black = 70%. . Loss on Time!?} 0-1